Sex and society /

Saved in:
Bibliografiske detaljer
Hovedforfatter: Walker, Kenneth
Andre forfattere: Fletcher, Peter
Format: Bog
Sprog:engelsk
Udgivet: Harmondsworth Penguin Books 1962
Serier:Pelican Books
Tags: Tilføj Tag
Ingen Tags, Vær først til at tagge denne postø!

MARC

LEADER 00000nam a2200000 4500
001 CDOM0000002677
003 mi
005 20251010122612.0
008 251010b |||||||| |||| 00| 0 eng d
040 |c mi 
100 |a Walker, Kenneth 
245 1 |a Sex and society /  |c Kenneth Walker and Peter Fletcher 
260 |a Harmondsworth  |b Penguin Books  |c 1962 
300 |a 252 p. ;  |c 18 cm. 
490 |a Pelican Books 
700 |a Fletcher, Peter 
942 |2 ddc  |c BK 
952 |0 0  |1 0  |2 ddc  |4 0  |6 B_SSA03WALKESEX11  |7 0  |9 6136  |a MI  |b MI  |d 2010-05-18  |i 827  |l 0  |o B-SSA03-WALKE-SEX11  |p CDOM827  |r 2025-07-13 16:28:00  |w 2025-07-13  |x ACQUISTO  |y BK 
999 |c 4908  |d 4908